000 00764nam a2200241 4500
003 OSt
005 20260530113851.0
008 260421b1987 mx |||| |||| 00| 0 spa d
020 _a0471100307
040 _aICI
_bspa
_cICI
050 _aTA166
_bO3618
100 _aOborne, David J.
_931251
240 _aErgonomics at work
_lEspañol
245 1 0 _aErgonomía en Acción
_b La adaptación del medio de trabajo al hombre
_cDavid j. oborne ; tr. Elisa González Mendiola
264 1 _b Editorial Trillas
_c1987
_aMéxico
300 _a401 páginas
336 _atexto
_2rdacontent
337 _asin medio
_2rdamedia
338 _avolumen
_2rdacarrier
650 4 _a Ergonomía
_931252
700 _aGonzalez Mendiola, Elisa
_e traductor
_931253
942 _2ddc
_cBK
999 _c11462
_d11462